000 00894nam a2200229 i 4500
001 152073
003 ES-MaACL
005 20230906204524.0
008 931025s1869 sp |||| | spa d
080 _a910.4:502(72)
100 1 _aBiart, Lucien.
_928758
245 1 0 _aAventuras de un naturalista en Méjico /
_cpor Lucien Biart ; traducción de F. N.
260 _aMadrid :
_bBiblioteca Económica de Instrucción y Recreo : Libreria de Cuesta,
_c1869.
300 _a240, 236 p. ;
_c18 cm.
597 _aSegunda paginación con port. propia.
650 4 _aExpediciones cientíicas-
_zMéxico.
_9146834
650 4 _aNaturaleza-
_zMéxico.
_9146835
700 0 _aF. N.
_948488
852 _aES-MaACL
_jD-3110
_z-- Enc. hol.
856 _uhttp://bibliotecadigitalhispanica.bne.es:80/webclient/DeliveryManager?pid=1848269&custom_att_2=simple_viewer
_zIr a la página
999 _c152073
_d152073